00389nam a22001337a 450000500170000000800410001704100130005808200130007110000130008424500590009726000480015630000250020465000260022920240319074442.0240319b |||||||| |||| 00| 0 eng d aEnglish  a349 IND  lEnglish  aIndustrial Law Journal : cedited by M Brassey et al.  aCape Town : bJuta and Company Ltd, c1984  b45 pages ; c25 cm.  aLegal practice bLaw